Mémoires de l'Institut National des Sciences et Arts. (Registro nro. 2922)

Detalles MARC
000 -LEADER
campo de control de longitud fija 00794nas a2200217 i 4500
001 - NÚMERO DE CONTROL
campo de control 2922
003 - IDENTIFICADOR DE NÚMERO DE CONTROL
campo de control ES-MaACL
005 - FECHA Y HORA DE LA ÚLTIMA TRANSACCIÓN
campo de control 20250814224220.0
007 - CAMPO FIJO DE DESCRIPCIÓN FÍSICA--INFORMACIÓN GENERAL
campo de control de longitud fija t|
008 - DATOS DE LONGITUD FIJA--INFORMACIÓN GENERAL
campo de control de longitud fija 051222d17981804fr a| | 0 ||re d
022 ## - NÚMERO INTERNACIONAL NORMALIZADO PARA PUBLICACIONES SERIADAS
Número Internacional Normalizado para Publicaciones Seriadas 9944-4585
245 00 - MENCIÓN DEL TÍTULO
Título Mémoires de l'Institut National des Sciences et Arts.
Nombre de parte o sección de la obra Sciences morales et politiques.
260 ## - PUBLICACIÓN, DISTRIBUCIÓN, ETC.
Lugar de publicación, distribución, etc. Paris :
Nombre del editor, distribuidor, etc. Baudouin,
Fecha de publicación, distribución, etc. [1798-1804]
300 ## - DESCRIPCIÓN FÍSICA
Extensión 3 v. con h. de grab ;
Dimensiones 25 cm.
362 0# - FECHAS DE PUBLICACIÓN Y/O DESIGNACIÓN SECUENCIAL
Fecha de publicación y/o designación secuencial T. 1 (Thermidor an VI de le République [1798])-t. 5 -fructidor an XII [1804]
500 ## - NOTA GENERAL
Nota general En tít. de v. 1 consta: Mémoires... pour l'an IV de la République.
650 17 - PUNTO DE ACCESO ADICIONAL DE MATERIA--TÉRMINO DE MATERIA
Término de materia o nombre geográfico como elemento de entrada Ciencias sociales
Fuente del encabezamiento o término embne
9 (RLIN) 10988
852 ## - LOCALIZACIÓN
Ubicación ES-MaACL
Número de control de estantería R-3449-51
866 #0 - MENCIÓN TEXTUAL DE FONDOS--UNIDAD BIBLIOGRÁFICA BÁSICA
Fondos 1798-1801.(v.1:año 6[1798], v.2.:año 7[1799], v.3:año 9[1801])
Existencias
Estatus retirado Estado de pérdida Estado de daño No para préstamo Colección Biblioteca de origen Biblioteca actual Ubicación en estantería Fecha de adquisición Fuente de adquisición Total de préstamos Signatura topográfica completa Código de barras Visto por última vez Precio de reemplazo Tipo de ítem Koha
        Periódicos y Revistas Biblioteca del Ateneo de Madrid Biblioteca del Ateneo de Madrid Depósito 17/01/2008     R-3449-51 1002982 23/02/2023 23/02/2023 Revista